000
00217nam a2200097Ia 4500
005
20251222120856.0
008
251222s1900||||xx |||||||||||||| ||spa||
082
_a
DVD0070/O45/2005
245
0
_a
Centochiodi:
942
_c
DVD
999
_c
2404
_d
2404